| 000 | 01151cam a22002411 4500 | ||
|---|---|---|---|
| 001 | gs 16000564 | ||
| 003 | DLC | ||
| 005 | 20260227111320.0 | ||
| 008 | 920520s1916 ag abf b 000 0 spa c | ||
| 010 | _ags 16000564 | ||
| 035 | _a(OCoLC)25847529 | ||
| 040 |
_aLibrary, U.S. Geological Survey _cCSt _dDLC |
||
| 042 | _apremarc | ||
| 050 | 0 | 0 |
_aQE231 _b.K45 |
| 100 | 1 |
_aKeidel, Hans, _d1877- |
|
| 245 | 0 | 3 |
_aLa geología de las sierras de la provincia de Buenos Aires y sus relaciones con las montañas de Sud África y los Andes, _cpor el doctor J. Keidel ... |
| 260 |
_aBuenos Aires, _bTalleres gráficos del Ministerio de agricultura de la nación, _c1916. |
||
| 300 |
_a78 p. _bXIII pl. (part fold., incl. maps, profiles) fold. map, diagrs. _c27 cm. |
||
| 490 | 0 |
_aAgrentine Republic. Ministerio de agricultura de la nación. Sección geología, mineralogía y minería. Anales. _vt. XI, núm. 3 |
|
| 500 | _aAt head of title: ... Dirección general de minas, geología e hi9drologia. Contribución al conocimiento geológico de la República Argentina. I. Geoglogía. | ||
| 504 | _a"Bibliografía": p. 65-71. | ||
| 650 | 0 |
_aGeology _zArgentina. |
|
| 999 |
_c25700 _d25700 |
||